| 000 | 00995aab a2200217 4500 | ||
|---|---|---|---|
| 001 | 768714001 | ||
| 003 | CO-MdFUSB | ||
| 005 | 20240607165154.0 | ||
| 008 | 170512s1994 cr ||||| |||| 00| 0 spa d | ||
| 022 | _a1409-1968 | ||
| 040 |
_aCO-MdFUSB _bspa _cCO-MdFUSB _dCO-MdFUSB |
||
| 041 | _aspa | ||
| 100 | 1 |
_aPohl, Wayne _eautor |
|
| 245 | 1 | 0 |
_aCómo cultivar dadores generosos _c/ Wayne Pohl |
| 300 |
_aVolumen 11. Número 6 (1994), páginas 10-13, 41 _c: 27 cm. |
||
| 520 | _aEl dinero es el punto donde el neumático espiritual , por así decirlo, pega contra el asfalto de la iglesia. Es necesario como provisión para el ministerio, pero es también el elemento que, aun abundando, puede ser tropiezo al ministerio. Pohl Wyne, en este artículo presenta las formas en que puede incrementarse el ofrendar congregacional. | ||
| 653 | _aGenerosidad | ||
| 773 | 0 |
_tApuntes Pastorales _049442 _960180 _gVolumen 11. Número 6 (1994), páginas 10-13 _qPágina 10 |
|
| 942 | _cANA | ||
| 945 | _aJTF-925 | ||
| 999 |
_c53179 _d53179 |
||